000 00536nam a2200181Ia 4500
008 180921t2015 xxu||||| |||| 00| 0 sin d
041 _asin
080 _a8C3
_b(Youth) DIX
100 _aw Dixon, Frankin
245 _aතරුණ වීරයෝ-21 -දෙබිඩි හිරිහැරය
246 _aThe Hard Boys-Double Trouble
260 _bWijesooriya
_aPunchi Borella
_c2015
300 _a176p, 22cm
700 _aLeelananda Gamachchi
_etr.
942 _cBK
999 _c11186
_d11186
003 LK-CoDNM
040 _aLK-CoDNM
_dLK-CoDNM
_eLK-CoDNM